| 000 | 03062cam a2200337 a 4500 | ||
|---|---|---|---|
| 001 | 18720662 | ||
| 003 | OSt | ||
| 005 | 20170105101155.0 | ||
| 008 | 150729s2012 enkb e 000 0 eng d | ||
| 010 | _a 2015325417 | ||
| 020 |
_a9780195475784 _q(hbk.) |
||
| 020 |
_a019547578X _q(hbk.) |
||
| 035 | _a(OCoLC)ocn793895513 | ||
| 040 |
_aNLE _beng _cNLE _dBTCTA _dYDXCP _dYNK _dDGU _dWCM _dOCLCF _dCHVBK _dIBI _dZCU _dOCLCQ _dORU _dDLC |
||
| 042 |
_alccopycat _alcode |
||
| 043 | _aa-pk--- | ||
| 050 | 0 | 0 |
_aDS382 _b.O94 2012 |
| 082 | 0 | 4 |
_a954.91 _223 |
| 245 | 0 | 4 |
_aThe Oxford companion to Pakistani history / _cedited by Ayesha Jalal. |
| 246 | 3 | 0 | _aPakistani history |
| 260 |
_aOxford ; _aNew York : _bOxford University Press, _c2012. |
||
| 300 |
_axiv, 558 pages : _bcolor maps ; _c25 cm |
||
| 500 | _aText in double columns. | ||
| 520 | 8 | _a"Insofar as history is constantly in the process of being reconfigured in the light of new processes and challenges, any Companion to the history of Pakistan cannot but be an ongoing, if not obviously an open-ended enterprise. The historiography of Pakistan has been missing such a comprehensive survey of not only sixty-five years of the country's existence but also of the movement preceding its creation. Pakistan possesses a rich and varied history, considering that it was carved out of the Indian subcontinent, one of the world's oldest civilizations -- hence the prevailing geographical, religious, ethnic, linguistic, and cultural diversities and complexities. 'The Oxford Companion to Pakistani History' has attempted to provide the reader with information on as colourful a spectrum of subjects as possible. This is the first time that all facets of Pakistani history have been covered in one encyclopaedic volume. A wide range of topics have been discussed: from the pre-Partition colonial period to post-Partition movements (religious, political, cultural, etc.), peoples and places, culture, architecture, politics, military, economics, linguistics, archaeology, judiciary, art, theatre, education, foreign relations, government, media, philanthropy, civil society and several others. The Companion differs from other encyclopaedias in the sense that all entries have been written in an analytical, unbiased style by well-known experts in the related field of the topic, paying the keenest attention to factual details. A system of cross-referencing is available through insertion of asterisks within the text linking the entry to another headword that may appear while reading a particular entry. Maps of Pakistan and the Indian subcontinent, along with a Subject Index, are provided at the end of the volume. All these steps have been taken to render the Companion as user-friendly as possible"--Publisher's description, page [4] of dust jacket. | |
| 600 | _aAYESHA JALAL | ||
| 651 | 0 |
_aPakistan _xHistory _vEncyclopedias. |
|
| 700 | 1 |
_aJalal, Ayesha, _ecompiler. |
|
| 906 |
_a7 _bcbc _ccopycat _d3 _encip _f20 _gy-gencatlg |
||
| 942 |
_2ddc _cBK |
||
| 999 |
_c2557 _d2557 |
||